[Event "Wch Seniors 23rd 2013"]
[Site "Opatija"]
[Date "2013.11.20"]
[Round "8.84"]
[White "Gonzalez Pabollet, Jesus Maria"]
[Black "Peierl, Walter"]
[Result "0-1"]
[WhiteElo "1970"]
[BlackElo "1834"]
[PlyCount "98"]
[EventDate "2013.11.12"]

1. c4 g6 2. Nc3 Bg7 3. Nf3 Nf6 4. e4 d6 5. d4 Bg4 6. Be2 Nc6 7. Be3 O-O 8. O-O
Bxf3 9. Bxf3 e5 10. d5 Ne7 11. Qd2 Nd7 12. b4 b6 13. Be2 f5 14. f3 f4 15. Bf2
Nf6 16. c5 g5 17. Rac1 Ng6 18. cxd6 cxd6 19. Nb5 Rf7 20. Rc6 Rd7 21. Rfc1 Ne8
22. Bd1 Ne7 23. Bb3 Kh8 24. Nxa7 Rdxa7 25. Bxb6 Qd7 26. Bxa7 Qxa7+ 27. Kh1 Nxc6
28. dxc6 Qd4 29. Qxd4 exd4 30. c7 Rc8 31. b5 Rxc7 32. Rxc7 Nxc7 33. b6 Na6 34.
Bc4 Nb8 35. a4 d3 36. a5 d2 37. Bb3 Bc3 38. Kg1 Bxa5 39. b7 Kg7 40. Kf1 Kf6 41.
Ke2 Ke7 42. g3 Kd7 43. h4 h6 44. hxg5 hxg5 45. gxf4 gxf4 46. Kd1 Kc7 47. Bd5
Na6 48. Kc2 Nc5 49. Kd1 Nd3 0-1

[Event "Wch Seniors 23rd 2013"]
[Site "Opatija"]
[Date "2013.11.20"]
[Round "8.85"]
[White "Urbanc, Vinko"]
[Black "Tavcar, Rado"]
[Result "1/2-1/2"]
[WhiteElo "1842"]
[BlackElo "1956"]
[PlyCount "117"]
[EventDate "2013.11.12"]

1. e4 e5 2. Nf3 Nc6 3. Bb5 a6 4. Ba4 Nf6 5. O-O Be7 6. Re1 b5 7. Bb3 O-O 8. h3
d6 9. c3 Na5 10. Bc2 c5 11. d4 Qc7 12. Nbd2 Bd7 13. Nf1 Rac8 14. Ne3 cxd4 15.
cxd4 Rfe8 16. d5 g6 17. b3 Nb7 18. Ba3 Nc5 19. Bxc5 Qxc5 20. Rc1 Nh5 21. Qd2
Nf4 22. Kh2 Bf8 23. Ng4 Bg7 24. Bb1 Qb6 25. Rxc8 Rxc8 26. Ng1 f5 27. Ne3 Rf8
28. Nd1 fxe4 29. Bxe4 Nh5 30. Nf3 Nf6 31. Nc3 Rc8 32. Re2 Qc5 33. Nd1 Nxe4 34.
Rxe4 Bf5 35. b4 Qb6 36. Re2 Rc2 37. Qe1 Rc1 38. Qd2 Qc7 39. Ne3 Bh6 40. Nh4 Rc2
41. Qe1 Bxe3 42. Rxe3 Qc4 43. Nxf5 gxf5 44. Rg3+ Kf7 45. Qe3 f4 46. Qa7+ Qc7
47. Qxc7+ Rxc7 48. Ra3 Ra7 49. Ra5 e4 50. Kg1 Kf6 51. a4 bxa4 52. b5 Ke5 53.
Rxa6 Rb7 54. Rxa4 Kxd5 55. Rb4 Rb6 56. Rb2 Rb7 57. Rb4 Rb6 58. Rb2 Rb7 59. Rb4
1/2-1/2

[Event "Wch Seniors 23rd 2013"]
[Site "Opatija"]
[Date "2013.11.20"]
[Round "8.86"]
[White "Yakovlev, Yuri S"]
[Black "Birkestrand, Odd"]
[Result "1-0"]
[WhiteElo "1951"]
[BlackElo "1819"]
[PlyCount "105"]
[EventDate "2013.11.12"]

1. e4 e5 2. Nf3 Nc6 3. Bc4 Nf6 4. d4 exd4 5. e5 d5 6. Bb5 Nd7 7. Bf4 Bc5 8.
Bxc6 bxc6 9. Nxd4 Bxd4 10. Qxd4 O-O 11. O-O Re8 12. Nc3 Re6 13. Bg3 f6 14. exf6
Nxf6 15. Rfe1 Qe7 16. f3 c5 17. Qf4 c6 18. Rxe6 Bxe6 19. Re1 Re8 20. Qd6 Qxd6
21. Bxd6 Nd7 22. Na4 c4 23. Nc5 Nxc5 24. Bxc5 a6 25. Kf2 Bd7 26. Rxe8+ Bxe8 27.
Ke3 Kf7 28. Kd4 Ke6 29. Bf8 g6 30. Kc5 Bd7 31. Kb6 d4 32. Kxa6 Kd5 33. Kb6 Bf5
34. a4 Bxc2 35. a5 d3 36. Bh6 Ba4 37. a6 c5 38. a7 Bc6 39. Be3 Ba8 40. Kc7 c3
41. bxc3 Kc4 42. Bd2 Kb3 43. Kd6 Kc2 44. Be1 c4 45. Kc5 Kb3 46. Kd4 h5 47. h4
Bb7 48. Ke3 Kc2 49. g4 Bxf3 50. Kxf3 d2 51. Bxd2 Kxd2 52. a8=Q hxg4+ 53. Kxg4
1-0

[Event "Wch Seniors 23rd 2013"]
[Site "Opatija"]
[Date "2013.11.20"]
[Round "8.87"]
[White "Kiss, Istvan"]
[Black "Karabut, Vladimir"]
[Result "1-0"]
[WhiteElo "1880"]
[BlackElo "2044"]
[PlyCount "80"]
[EventDate "2013.11.12"]

1. e4 c5 2. Nf3 Nc6 3. d4 cxd4 4. Nxd4 Qb6 5. Nb3 g6 6. Be3 Qc7 7. Nc3 Bg7 8.
Bd3 Nb4 9. Qd2 Nf6 10. Nb5 Nxd3+ 11. cxd3 Qb8 12. Rc1 O-O 13. Nc7 Ng4 14. Nxa8
Qxa8 15. h3 Nxe3 16. fxe3 b6 17. O-O e6 18. Nd4 a6 19. Qb4 Qa7 20. Qd6 Bh6 21.
Rf3 b5 22. Qc7 Qa8 23. Rcf1 b4 24. Qd6 Qb7 25. Qe7 d5 26. Qxb7 Bxb7 27. e5 Bg7
28. b3 Bxe5 29. Nxe6 Re8 30. Rxf7 Rxe6 31. Rxb7 Bg3 32. Rf3 Be1 33. Kf1 Bh4 34.
Rxb4 Rc6 35. Rxh4 Rc1+ 36. Kf2 Rc2+ 37. Kg3 Rxa2 38. Rb4 Kg7 39. e4 dxe4 40.
dxe4 Re2 1-0

[Event "Wch Seniors 23rd 2013"]
[Site "Opatija"]
[Date "2013.11.20"]
[Round "8.88"]
[White "Andreas, Guenter"]
[Black "Haupt, Joachim"]
[Result "1-0"]
[WhiteElo "1990"]
[BlackElo "1870"]
[PlyCount "105"]
[EventDate "2013.11.12"]

1. e4 c5 2. Nf3 Nc6 3. d4 cxd4 4. c3 dxc3 5. Nxc3 e6 6. Bc4 Be7 7. Qe2 Na5 8.
Bd3 b6 9. O-O Bb7 10. Rd1 Nf6 11. Bg5 O-O 12. Rac1 d5 13. Bb1 Rc8 14. h3 Nxe4
15. Nxe4 Rxc1 16. Bxc1 Qc8 17. Nc3 Bf6 18. Ne5 Nc6 19. Ng4 Be7 20. Ne5 Bf6 21.
f4 Rd8 22. Nf3 g6 23. h4 Ne7 24. Be3 Nf5 25. Bf2 Qc7 26. g3 Be7 27. Nd4 Nxd4
28. Bxd4 Bc5 29. Kg2 Bxd4 30. Rxd4 Qc5 31. Qe5 Qc6 32. h5 f5 33. hxg6 hxg6 34.
Bd3 a6 35. Be2 Kf7 36. Bf3 Qc5 37. g4 Qd6 38. g5 Qxe5 39. fxe5 Rc8 40. Kg3 Rc7
41. a4 Bc8 42. Rb4 Rc5 43. Kf4 Ke7 44. Ke3 Rc6 45. Rh4 Kf8 46. Rh7 Kg8 47. Ra7
Kf8 48. Be2 Rc5 49. Kd4 Rc6 50. b4 f4 51. Rh7 f3 52. Bd3 f2 53. Rh2 1-0

[Event "Wch Seniors 23rd 2013"]
[Site "Opatija"]
[Date "2013.11.20"]
[Round "8.89"]
[White "Trtanj, Zoran"]
[Black "Barkman, Rolf"]
[Result "1-0"]
[WhiteElo "1986"]
[BlackElo "1867"]
[PlyCount "89"]
[EventDate "2013.11.12"]

1. g3 e5 2. d3 f5 3. Bg2 d5 4. c3 Nf6 5. b4 c6 6. Nh3 Bd6 7. O-O O-O 8. f4 e4
9. d4 a5 10. Qe1 axb4 11. cxb4 Qe7 12. Bd2 e3 13. Bc3 Na6 14. a3 Nxb4 15. axb4
Rxa1 16. Bxa1 Bxb4 17. Bc3 Bd6 18. Ng5 b5 19. Nf3 b4 20. Bb2 Ba6 21. Ne5 Bb5
22. Rf3 Ng4 23. h3 Nxe5 24. fxe5 Bc7 25. Rxe3 Bb6 26. Kh2 f4 27. Rf3 fxg3+ 28.
Qxg3 Ra8 29. Rf2 Bc4 30. Nd2 Ra2 31. Nxc4 dxc4 32. e3 c3 33. Bc1 Rxf2 34. Qxf2
c5 35. Bd5+ Kh8 36. Bb3 h6 37. Qf4 Bc7 38. Qe4 g5 39. Qg6 Qf8 40. Qf7 Qd8 41.
Bc2 Bxe5+ 42. dxe5 Qg8 43. Qxg8+ Kxg8 44. Bb3+ Kf8 45. Kg3 1-0

[Event "Wch Seniors 23rd 2013"]
[Site "Opatija"]
[Date "2013.11.20"]
[Round "8.90"]
[White "Bauza Mercere, Eduardo"]
[Black "Waisberg, Arnold"]
[Result "0-1"]
[WhiteElo "1811"]
[BlackElo "1971"]
[PlyCount "78"]
[EventDate "2013.11.12"]

1. e4 e5 2. Nf3 Nc6 3. Bb5 Bc5 4. c3 Nge7 5. O-O Bb6 6. d4 exd4 7. cxd4 d5 8.
exd5 Nxd5 9. Re1+ Be6 10. Bg5 Qd6 11. Nbd2 O-O 12. Nc4 Qb4 13. Bxc6 bxc6 14.
Nfe5 c5 15. Bd2 Qb5 16. a4 Qe8 17. a5 cxd4 18. axb6 axb6 19. Qc2 c5 20. Nxb6
Nxb6 21. Qxc5 Nd7 22. Qd6 Nxe5 23. Qxe5 Qd7 24. h4 h6 25. Rxa8 Rxa8 26. Re4 Qd5
27. Qxd5 Bxd5 28. Rxd4 Ra1+ 29. Kh2 Be6 30. Be3 Rb1 31. b4 Kf8 32. Rd2 Ke8 33.
b5 g6 34. Kg3 h5 35. Kf4 Re1 36. g3 Bg4 37. Kg5 Rd1 38. Ra2 Be6 39. Kf6 Bxa2
0-1

[Event "Wch Seniors 23rd 2013"]
[Site "Opatija"]
[Date "2013.11.20"]
[Round "8.91"]
[White "Baumgarten, Werner"]
[Black "Andersson, Finn"]
[Result "1-0"]
[WhiteElo "1943"]
[BlackElo "1846"]
[PlyCount "71"]
[EventDate "2013.11.12"]

1. d4 Nf6 2. c4 e6 3. Nc3 c5 4. d5 exd5 5. cxd5 d6 6. Bg5 Be7 7. Nf3 O-O 8. h3
Re8 9. e3 Nbd7 10. Bf4 a6 11. a4 Qc7 12. Bd3 g6 13. O-O Bf8 14. Qd2 Ne5 15.
Nxe5 dxe5 16. Bg5 Nd7 17. e4 Bd6 18. Qe2 b6 19. Rfc1 Bb7 20. Bc4 Nf8 21. Qf3
Nd7 22. Rd1 f6 23. Be3 Qd8 24. Ne2 Qe7 25. Ng3 Qg7 26. h4 h5 27. Ne2 Rf8 28. g4
hxg4 29. Qxg4 Bc8 30. Qe6+ Kh7 31. Qxd6 f5 32. exf5 gxf5+ 33. Bg5 Rf6 34. Qc7
Rg6 35. Kf1 Qf7 36. Nc3 1-0

[Event "Wch Seniors 23rd 2013"]
[Site "Opatija"]
[Date "2013.11.20"]
[Round "8.92"]
[White "Hernandez M., E. Gustavo"]
[Black "Strohbusch, Frank"]
[Result "0-1"]
[WhiteElo "1933"]
[BlackElo "1855"]
[PlyCount "79"]
[EventDate "2013.11.12"]

1. e4 e6 2. Nf3 d5 3. e5 c5 4. c3 Nc6 5. d4 Qb6 6. Be2 Nge7 7. dxc5 Qxc5 8. Be3
Qa5 9. Nbd2 Ng6 10. Bd4 Nxd4 11. cxd4 Nf4 12. O-O Bd7 13. Re1 Nxe2+ 14. Rxe2
Be7 15. Nb3 Qb5 16. Rc2 O-O 17. Qd2 Rac8 18. Rac1 Bb4 19. Qe3 Rxc2 20. Rxc2 Bc6
21. Ne1 h6 22. Nd3 Be7 23. Ndc5 b6 24. Nd3 a5 25. f4 a4 26. Nd2 Rc8 27. g4 Bd7
28. Rxc8+ Bxc8 29. Nf3 Ba6 30. Nfe1 Bh4 31. Ng2 Be7 32. Nge1 Qc4 33. a3 Qb3 34.
Qd2 Qc4 35. Qe3 Kh7 36. Kf2 Bh4+ 37. Kf3 Qb3 38. Ng2 Bxd3 39. Nxh4 Be4+ 40. Kg3
0-1

[Event "Wch Seniors 23rd 2013"]
[Site "Opatija"]
[Date "2013.11.20"]
[Round "8.93"]
[White "Neumann, Horst"]
[Black "Kummer, Heinz"]
[Result "1/2-1/2"]
[WhiteElo "1929"]
[BlackElo "1788"]
[PlyCount "53"]
[EventDate "2013.11.12"]

1. e4 c5 2. Nf3 Nc6 3. c3 d5 4. exd5 Qxd5 5. Be2 Nf6 6. Na3 e6 7. Nb5 Qd8 8. d3
Be7 9. h3 a6 10. Na3 O-O 11. O-O b5 12. Nc2 Bb7 13. Bf4 Bd6 14. Qd2 Bxf4 15.
Qxf4 Ne7 16. Rad1 Ng6 17. Qg5 Qc7 18. Nh2 h6 19. Qc1 Nh4 20. Ne1 Rad8 21. Nhf3
Ng6 22. d4 Nf4 23. Qc2 Nxe2+ 24. Qxe2 c4 25. Ne5 Qd6 26. f4 Qd5 27. Qf3 1/2-1/2

[Event "Wch Seniors 23rd 2013"]
[Site "Opatija"]
[Date "2013.11.20"]
[Round "8.94"]
[White "Filzmaier, Bruno"]
[Black "Milosevic, Bozidar"]
[Result "1-0"]
[WhiteElo "1895"]
[BlackElo "1734"]
[PlyCount "111"]
[EventDate "2013.11.12"]

1. a3 e5 2. e3 d5 3. d4 e4 4. c4 c6 5. Nc3 Nf6 6. Qb3 Be7 7. cxd5 cxd5 8. Nh3
Na6 9. Bxa6 bxa6 10. Nf4 O-O 11. Ncxd5 Nxd5 12. Qxd5 Qxd5 13. Nxd5 Bd6 14. O-O
Rd8 15. Nc3 f5 16. Bd2 Bb7 17. Rac1 g5 18. g3 h5 19. Na4 Rac8 20. Rxc8 Bxc8 21.
Nc5 Bxc5 22. Ba5 Bb6 23. Bxb6 axb6 24. Rc1 h4 25. Rc6 Kf7 26. Rxb6 Rd7 27. gxh4
Rb7 28. Rxb7+ Bxb7 29. hxg5 Kg6 30. Kg2 Kxg5 31. Kg3 a5 32. b4 axb4 33. axb4
Bc6 34. h4+ Kf6 35. Kf4 Ke6 36. Kg5 Bd7 37. h5 Kf7 38. d5 Kg7 39. b5 Bxb5 40.
Kxf5 Kh6 41. Kxe4 Kxh5 42. f4 Kg6 43. Ke5 Kf7 44. Kd6 Bd3 45. Kc7 Bf5 46. d6
Ke8 47. e4 Be6 48. f5 Bd7 49. f6 Be6 50. d7+ Bxd7 51. f7+ Kxf7 52. Kxd7 Kf6 53.
Kd6 Kf7 54. e5 Ke8 55. Ke6 Kd8 56. Kf7 1-0

[Event "Wch Seniors 23rd 2013"]
[Site "Opatija"]
[Date "2013.11.20"]
[Round "8.95"]
[White "Zilbershtein, Victor"]
[Black "Bianco Diaz, Rogelio Jose"]
[Result "0-1"]
[WhiteElo "1780"]
[BlackElo "1891"]
[PlyCount "24"]
[EventDate "2013.11.12"]

1. b3 d6 2. Bb2 Nc6 3. f4 d5 4. Nf3 Bg4 5. h3 Bxf3 6. exf3 e6 7. a3 a6 8. Bd3
Nf6 9. Qe2 Be7 10. O-O O-O 11. b4 Qd7 12. Be5 Rad8 {Terrible manuscript!} 0-1

[Event "Wch Seniors 23rd 2013"]
[Site "Opatija"]
[Date "2013.11.20"]
[Round "8.98"]
[White "Thonig, Manfred"]
[Black "Keze, Arnis"]
[Result "0-1"]
[WhiteElo "1553"]
[BlackElo "1735"]
[PlyCount "60"]
[EventDate "2013.11.12"]

1. f4 d5 2. e3 Nf6 3. Nf3 g6 4. Nc3 Bg7 5. Bd3 Nbd7 6. b3 Nc5 7. Be2 Nfe4 8.
Bb2 O-O 9. d4 Nxc3 10. Bxc3 Ne4 11. Bb2 Bg4 12. O-O c5 13. Ne5 Bxe2 14. Qxe2 b6
15. Rad1 Rc8 16. c4 cxd4 17. exd4 f5 18. Rd3 e6 19. Rff3 Qc7 20. Rh3 Bxe5 21.
fxe5 dxc4 22. Rd1 cxb3 23. Rxb3 Qc2 24. Qxc2 Rxc2 25. Rc1 Rfc8 26. Rxc2 Rxc2
27. a4 Nd2 28. Rb4 Nc4 29. a5 Nxb2 30. axb6 Rc1+ 0-1

[Event "Wch Seniors 23rd 2013"]
[Site "Rijeka"]
[Date "2013.11.21"]
[Round "9.1"]
[White "Vaisser, Anatoly"]
[Black "Kristiansen, Jens"]
[Result "1/2-1/2"]
[WhiteElo "2523"]
[BlackElo "2407"]
[PlyCount "51"]
[EventDate "2013.11.12"]

1. d4 f5 2. Nc3 Nf6 3. Bg5 d5 4. Bxf6 exf6 5. e3 Be6 6. Nge2 Nc6 7. Nf4 Bf7 8.
Bb5 Qd7 9. a3 a6 10. Ba4 b5 11. Bb3 Ne7 12. Nd3 Nc6 13. Qf3 Rd8 14. Nf4 Ne7 15.
a4 b4 16. Na2 Nc6 17. Qe2 a5 18. c4 bxc3 19. bxc3 Rb8 20. Nc1 g6 21. O-O Bh6
22. Qf3 Bxf4 23. Qxf4 O-O 24. Nd3 Nd8 25. Nc5 Qc6 26. Rfc1 1/2-1/2

[Event "Wch Seniors 23rd 2013"]
[Site "Rijeka"]
[Date "2013.11.21"]
[Round "9.2"]
[White "Hulak, Krunoslav"]
[Black "Rukavina, Josip"]
[Result "1-0"]
[WhiteElo "2473"]
[BlackElo "2405"]
[PlyCount "91"]
[EventDate "2013.11.12"]

1. d4 c5 2. d5 g6 3. e4 Bg7 4. Nc3 d6 5. Bb5+ Bd7 6. a4 Nf6 7. h3 O-O 8. Nf3 e5
9. Be2 Na6 10. Nd2 Bh6 11. Nc4 Bxc1 12. Qxc1 Ne8 13. O-O f6 14. f4 Nac7 15. Rf2
b6 16. Qd2 Qe7 17. Ne3 exf4 18. Rxf4 a6 19. Bg4 b5 20. Bxd7 Qxd7 21. b3 b4 22.
Ne2 Ng7 23. Ng3 h5 24. Raf1 Qe7 25. Nc4 Nce8 26. Qd3 Ra7 27. R1f2 Qd8 28. Nf1
Raf7 29. Nfe3 Qc7 30. Nd2 Qc8 31. R4f3 Qb7 32. Rg3 g5 33. Rgf3 Qc8 34. Qf1 Qb7
35. g3 Qc8 36. h4 g4 37. Rf4 Kh7 38. Ndc4 Qd8 39. e5 f5 40. e6 Rf6 41. Qd3 Kg8
42. a5 Nc7 43. Nb6 Nb5 44. Nd7 Nd4 45. Nc4 Ne8 46. Rxd4 1-0

[Event "Wch Seniors 23rd 2013"]
[Site "Rijeka"]
[Date "2013.11.21"]
[Round "9.3"]
[White "Kupreichik, Viktor D"]
[Black "Berkovich, Mark A"]
[Result "1/2-1/2"]
[WhiteElo "2454"]
[BlackElo "2357"]
[PlyCount "33"]
[EventDate "2013.11.12"]

1. e4 d6 2. Nc3 e5 3. Bc4 Nf6 4. Nf3 Be7 5. d4 Nbd7 6. O-O O-O 7. a4 c6 8. Re1
a5 9. b3 exd4 10. Qxd4 Ne5 11. Be2 Nfg4 12. h3 Bf6 13. Qd2 Nxf3+ 14. Bxf3 Ne5
15. Be2 Qb6 16. Ba3 Be6 17. Rad1 1/2-1/2

[Event "Wch Seniors 23rd 2013"]
[Site "Rijeka"]
[Date "2013.11.21"]
[Round "9.5"]
[White "Mishuchkov, Nikolai M"]
[Black "Vasiukov, Evgeni"]
[Result "0-1"]
[WhiteElo "2367"]
[BlackElo "2457"]
[PlyCount "72"]
[EventDate "2013.11.12"]

1. d4 Nf6 2. Nf3 c5 3. d5 b5 4. Bg5 Qb6 5. Bxf6 Qxf6 6. c3 g5 7. e4 a6 8. Be2
d6 9. a4 b4 10. Nfd2 Bg7 11. Nc4 Nd7 12. Ne3 Rb8 13. Bg4 Kd8 14. Qf3 bxc3 15.
Nxc3 Rxb2 16. Qxf6 Bxf6 17. Ra3 Ne5 18. Be2 Ng6 19. g3 Bd4 20. Ned1 Rb4 21. Na2
Rb8 22. Ndc3 h5 23. O-O h4 24. Rb1 Rxb1+ 25. Nxb1 Ne5 26. Nd2 Rf8 27. Nc1 Bb2
28. Ra2 Bxc1 29. Nb3 Bf4 30. gxf4 gxf4 31. Nd2 Rg8+ 32. Kf1 Bh3+ 33. Ke1 Rg1+
34. Nf1 Bxf1 35. Bxf1 f3 36. Ra1 Ng4 0-1

[Event "Wch Seniors 23rd 2013"]
[Site "Rijeka"]
[Date "2013.11.21"]
[Round "9.6"]
[White "Van Riemsdijk, Herman C"]
[Black "Cebalo, Miso"]
[Result "1-0"]
[WhiteElo "2347"]
[BlackElo "2415"]
[PlyCount "121"]
[EventDate "2013.11.12"]

1. e4 c5 2. Nf3 Nc6 3. Bb5 d6 4. O-O Bd7 5. Re1 Nf6 6. c3 a6 7. Bf1 Bg4 8. h3
Bxf3 9. Qxf3 g6 10. d3 Bg7 11. Nd2 O-O 12. Qd1 b5 13. Nf3 Nd7 14. Be3 b4 15.
Qa4 Qc7 16. d4 bxc3 17. bxc3 Rfc8 18. Rab1 Qa5 19. Qxa5 Nxa5 20. Rec1 Kf8 21.
Nd2 e6 22. f4 Ke8 23. g4 Bf8 24. g5 Be7 25. Kf2 Bd8 26. h4 cxd4 27. cxd4 Rxc1
28. Rxc1 Nb6 29. f5 d5 30. f6 Kd7 31. Be2 Nc6 32. e5 Na4 33. h5 Bb6 34. Nb3 Nb4
35. a3 Na2 36. Rh1 N2c3 37. hxg6 hxg6 38. Rh7 Rf8 39. Bxa6 Nd1+ 40. Kf3 Nxe3
41. Kxe3 Kc6 42. Kd3 Ba7 43. Kc2 Bb6 44. Bd3 Bd8 45. Nd2 Ba5 46. Nf3 Nc3 47. a4
Ne4 48. Bb5+ Kb6 49. Kd3 Bb4 50. Ke3 Ba3 51. Kd3 Bc1 52. Rh2 Rc8 53. Rc2 Rxc2
54. Kxc2 Nxg5 55. Nxg5 Bxg5 56. Be8 Ka5 57. Bxf7 Kxa4 58. Bxe6 Kb5 59. Bxd5 Kb6
60. Bf7 Kc6 61. Kd3 1-0

[Event "Wch Seniors 23rd 2013"]
[Site "Rijeka"]
[Date "2013.11.21"]
[Round "9.7"]
[White "Suba, Mihai"]
[Black "Shevelev, Arkady"]
[Result "1-0"]
[WhiteElo "2413"]
[BlackElo "2302"]
[PlyCount "63"]
[EventDate "2013.11.12"]

1. e4 c6 2. c4 d5 3. cxd5 cxd5 4. exd5 Nf6 5. Nc3 Nxd5 6. Nf3 Nxc3 7. bxc3 g6
8. Bc4 Bg7 9. O-O O-O 10. Re1 Qc7 11. Bb3 Nc6 12. Ba3 Bf6 13. Re3 Qa5 14. Bb2
Rd8 15. h3 e6 16. d4 Ne7 17. c4 b5 18. Bc3 Qa6 19. Qe2 Nf5 20. cxb5 Qb6 21. d5
Bxc3 22. Rxc3 exd5 23. Rc6 Qa5 24. Rd1 Bb7 25. Rc5 Re8 26. Qc2 Rac8 27. Bxd5
Rxc5 28. Qxc5 Rc8 29. Bxf7+ Kxf7 30. Qe5 Qc7 31. Ng5+ Kg8 32. Qxc7 1-0

[Event "Wch Seniors 23rd 2013"]
[Site "Rijeka"]
[Date "2013.11.21"]
[Round "9.8"]
[White "Turikov, Viktor"]
[Black "Mochalov, Evgeny V"]
[Result "0-1"]
[WhiteElo "2256"]
[BlackElo "2404"]
[PlyCount "76"]
[EventDate "2013.11.12"]

1. d4 Nf6 2. Nc3 d5 3. Bg5 c5 4. e3 e6 5. Nf3 Nc6 6. a3 h6 7. Bf4 a6 8. h3 b5
9. Ne5 Bb7 10. Be2 Be7 11. O-O O-O 12. Bf3 Rc8 13. Nxc6 Bxc6 14. Ne2 c4 15. Nc3
a5 16. g4 Qd7 17. Bg2 b4 18. axb4 axb4 19. Ne2 Ra8 20. Qd2 Ne4 21. Bxe4 dxe4
22. Rfd1 Qd5 23. Bh2 g5 24. Qe1 f5 25. Rxa8 Bxa8 26. Ra1 f4 27. Ra7 Bd6 28. Kh1
Bc6 29. Kg1 fxe3 30. fxe3 Rf3 31. Ng3 Bf4 32. Nf1 Bxe3+ 33. Nxe3 Qxd4 34. Rc7
Rxe3 35. Rc8+ Kh7 36. Rc7+ Kg6 37. Qf2 Re1+ 38. Kg2 e3+ 0-1

[Event "Wch Seniors 23rd 2013"]
[Site "Rijeka"]
[Date "2013.11.21"]
[Round "9.9"]
[White "Filipenko, Alexander V"]
[Black "Chernikov, Oleg L"]
[Result "1/2-1/2"]
[WhiteElo "2288"]
[BlackElo "2400"]
[PlyCount "93"]
[EventDate "2013.11.12"]

1. e4 c5 2. Nf3 Nc6 3. d4 cxd4 4. Nxd4 Nf6 5. Nc3 Rb8 6. Bc4 e5 7. Ndb5 a6 8.
Nd6+ Bxd6 9. Qxd6 b5 10. Bb3 Qe7 11. Qxe7+ Nxe7 12. f4 d6 13. fxe5 dxe5 14. Bg5
b4 15. Bxf6 gxf6 16. Ne2 a5 17. Rf1 Rb6 18. Rd1 h5 19. Rf3 O-O 20. Rg3+ Kh7 21.
Rgd3 Kg7 22. Rd6 Rb8 23. Ng3 Rh8 24. Rd8 Bg4 25. Rxb8 Rxb8 26. Rd6 h4 27. Nf1
Ra8 28. Ne3 Bh5 29. Rd7 Kf8 30. Nd5 Nxd5 31. Bxd5 Rc8 32. Kd2 Rc5 33. Rd8+ Ke7
34. Rh8 Bg6 35. Rxh4 f5 36. c4 fxe4 37. b3 f5 38. Rh6 Kf6 39. Rh8 f4 40. h4 e3+
41. Ke2 Kg7 42. Rb8 e4 43. g4 Kf6 44. Rf8+ Ke7 45. Rb8 Kf6 46. Rb6+ Kg7 47.
Rb7+ 1/2-1/2

[Event "Wch Seniors 23rd 2013"]
[Site "Rijeka"]
[Date "2013.11.21"]
[Round "9.10"]
[White "Nukin, Tolegen"]
[Black "Kakageldyev, Amanmurad"]
[Result "0-1"]
[WhiteElo "2208"]
[BlackElo "2384"]
[PlyCount "93"]
[EventDate "2013.11.12"]

1. Nf3 g6 2. c4 Bg7 3. Nc3 d6 4. g3 Nf6 5. Bg2 O-O 6. O-O Nc6 7. e4 Bg4 8. h3
Bxf3 9. Qxf3 Nd4 10. Qd1 c5 11. d3 Nd7 12. f4 e6 13. Rb1 Nb8 14. Kh1 Nbc6 15.
a3 a6 16. b4 cxb4 17. axb4 b5 18. Bd2 Qe7 19. Re1 Qd7 20. Ne2 Rab8 21. Kh2 Rfc8
22. Ng1 Rc7 23. Nf3 Nxf3+ 24. Qxf3 Nd4 25. Qf1 Rbc8 26. Rec1 f5 27. exf5 gxf5
28. Be3 Qf7 29. Qf2 Qf6 30. Bf1 Kh8 31. Re1 e5 32. c5 dxc5 33. fxe5 Qd8 34.
bxc5 Bxe5 35. Bg5 Qd5 36. Bg2 Qxc5 37. Rxe5 Qxe5 38. Bf4 Qf6 39. Bxc7 Rxc7 40.
Qf4 Re7 41. Rc1 Kg7 42. Rc8 Ne6 43. Qd6 f4 44. g4 Kf7 45. Rc6 f3 46. Bxf3 Qf4+
47. Kg1 0-1

[Event "Wch Seniors 23rd 2013"]
[Site "Rijeka"]
[Date "2013.11.21"]
[Round "9.11"]
[White "Kierzek, Matthias"]
[Black "Herzog, Adolf"]
[Result "0-1"]
[WhiteElo "2250"]
[BlackElo "2379"]
[PlyCount "76"]
[EventDate "2013.11.12"]

1. d4 d5 2. c4 c6 3. Nf3 Nf6 4. Nc3 dxc4 5. a4 e6 6. e4 Bb4 7. e5 Nd5 8. Bd2 b5
9. axb5 Bxc3 10. bxc3 cxb5 11. Ng5 Nc6 12. Qh5 Qe7 13. Ne4 O-O 14. Bg5 f6 15.
exf6 gxf6 16. Bh6 Rd8 17. Be2 Kh8 18. O-O Rg8 19. Rfe1 a5 20. Bf3 Rg6 21. Nc5
Qf7 22. Bxd5 exd5 23. Qh4 b4 24. Qf4 Bh3 25. g3 bxc3 26. f3 Rag8 27. Kf2 Bc8
28. Rad1 Nb4 29. Rc1 c2 30. Qe3 Bf5 31. g4 Na2 32. gxf5 Rg2+ 33. Kf1 Nxc1 34.
Rxc1 Qh5 35. Bf4 Qh3 36. Ke1 Qh4+ 37. Bg3 R8xg3 38. hxg3 Qh1+ 0-1

[Event "Wch Seniors 23rd 2013"]
[Site "Rijeka"]
[Date "2013.11.21"]
[Round "9.12"]
[White "Karasev, Vladimir I"]
[Black "Karason, Askell O"]
[Result "0-1"]
[WhiteElo "2377"]
[BlackElo "2220"]
[PlyCount "114"]
[EventDate "2013.11.12"]

1. c4 c5 2. Nf3 g6 3. d4 cxd4 4. Nxd4 Bg7 5. e4 Nc6 6. Be3 Nf6 7. Nc3 O-O 8.
Be2 d6 9. O-O Bd7 10. Qd2 Nxd4 11. Bxd4 Bc6 12. f3 a5 13. Kh1 Nd7 14. Bxg7 Kxg7
15. f4 a4 16. Bg4 Nf6 17. Bf3 Qa5 18. Qd4 Rad8 19. Nd5 Qc5 20. Qxc5 dxc5 21.
Rad1 e6 22. Nc3 e5 23. Rxd8 Rxd8 24. fxe5 Nd7 25. e6 fxe6 26. Rd1 Rf8 27. e5
Rxf3 28. Rxd7+ Bxd7 29. gxf3 Bc6 30. Kg2 g5 31. Kg3 Kg6 32. f4 Kf5 33. fxg5
Kxg5 34. Kf2 Kf4 35. Ke2 Kxe5 36. Ke3 Kf5 37. Ne2 e5 38. Nc1 b6 39. a3 h5 40.
Ne2 h4 41. Nc3 Kg4 42. Kf2 Kf4 43. Ke2 e4 44. Nd1 Bd7 45. Nc3 Bg4+ 46. Ke1 Kf3
47. Nxa4 Kg2 48. Nxb6 Kxh2 49. Kf2 e3+ 50. Kxe3 Kg3 51. Na4 h3 52. Nxc5 Bf5 53.
Nb3 h2 54. Nd4 Bg4 55. b4 h1=Q 56. c5 Qc1+ 57. Ke4 Qxa3 0-1

[Event "Wch Seniors 23rd 2013"]
[Site "Rijeka"]
[Date "2013.11.21"]
[Round "9.13"]
[White "Pritchett, Craig W"]
[Black "Jorgensen, Jorgen"]
[Result "1-0"]
[WhiteElo "2359"]
[BlackElo "2257"]
[PlyCount "111"]
[EventDate "2013.11.12"]

1. Nf3 f5 2. c4 Nf6 3. g3 g6 4. Bg2 Bg7 5. O-O O-O 6. d4 d6 7. Nc3 c6 8. b3 Na6
9. Bb2 Bd7 10. Rc1 Qe8 11. e3 h6 12. d5 Ne4 13. Nd4 Nxc3 14. Bxc3 Nc5 15. Qc2
e5 16. dxe6 Bxe6 17. b4 Nd7 18. Nxe6 Qxe6 19. Bxg7 Kxg7 20. Rfd1 Ne5 21. Rd4 a6
22. Rcd1 Rad8 23. h3 Rd7 24. f4 Nf7 25. e4 fxe4 26. Rxe4 Qf6 27. Rde1 Nd8 28.
Kh2 d5 29. Re5 dxc4 30. Qxc4 Rd2 31. R1e2 Rxe2 32. Qxe2 Rf7 33. h4 Qd6 34. h5
gxh5 35. Qxh5 Rf6 36. Be4 Nf7 37. Re8 Qd7 38. Rb8 Nd6 39. Bg2 Nf7 40. Qc5 Rd6
41. Qc3+ Rf6 42. a4 Nd8 43. Bh3 Qd6 44. Rc8 Kf7 45. b5 axb5 46. axb5 cxb5 47.
Rc7+ Kf8 48. Rd7 Qb6 49. Qb4+ Kg8 50. Qe7 Nf7 51. Rxb7 Qf2+ 52. Bg2 Rf5 53.
Rb8+ Kh7 54. Qe4 Qc5 55. g4 Nd6 56. Qd3 1-0

[Event "Wch Seniors 23rd 2013"]
[Site "Rijeka"]
[Date "2013.11.21"]
[Round "9.16"]
[White "Haubt, Georg"]
[Black "Stepovoj, Vladimir"]
[Result "1/2-1/2"]
[WhiteElo "2206"]
[BlackElo "2345"]
[PlyCount "36"]
[EventDate "2013.11.12"]

1. e4 c5 2. Nf3 Nc6 3. Bb5 Nf6 4. Bxc6 dxc6 5. d3 g6 6. h3 Bg7 7. Nc3 O-O 8.
Be3 b6 9. Qd2 Re8 10. Bh6 e5 11. O-O-O Nd7 12. Bxg7 Kxg7 13. g4 Nf8 14. Ne2 Qf6
15. Qe3 h6 16. Rdg1 Ne6 17. g5 hxg5 18. Nxg5 Nd4 1/2-1/2

[Event "Wch Seniors 23rd 2013"]
[Site "Rijeka"]
[Date "2013.11.21"]
[Round "9.17"]
[White "Sloth, Jorn"]
[Black "Fucak, Emilijo"]
[Result "1-0"]
[WhiteElo "2338"]
[BlackElo "2223"]
[PlyCount "61"]
[EventDate "2013.11.12"]

1. d4 d6 2. Nf3 Bg4 3. e4 Nf6 4. Nc3 d5 5. exd5 Nxd5 6. Nxd5 Qxd5 7. Be2 Nc6 8.
O-O Rd8 9. Be3 g6 10. c4 Qd7 11. d5 Bxf3 12. gxf3 Nb8 13. Qd4 Rg8 14. Qxa7 g5
15. Qxb7 Rg6 16. Qb5 Bg7 17. Qxd7+ Nxd7 18. Rab1 Ra8 19. a3 Ne5 20. Kg2 Ra4 21.
Rfc1 e6 22. dxe6 fxe6 23. Rc2 Nc6 24. Rd1 Ne7 25. Bd3 Rh6 26. Bxg5 Rh5 27. f4
Ra5 28. c5 h6 29. Be2 Rxg5+ 30. fxg5 hxg5 31. Bh5+ 1-0